Statystyki dla Największe stolice świata

Kliknij tutaj aby rozwiązać quiz!

Ogólne statystyki

  • Ten quiz został rozwiązany 18 447 razy
    (5 043 od ostatniego zresetowania)
  • Średni wynik to 10 z 20

Statystyki odpowiedzi

LudnośćStolica% Poprawnych
18,8 mlnMoskwa
89%
40,8 mlnTokio
88%
20,9 mlnPekin
86%
11,4 mlnParyż
83%
14,8 mlnLondyn
82%
24,9 mlnMeksyk
67%
22,2 mlnKair
57%
16,7 mlnBuenos Aires
55%
24,9 mlnSeul
52%
28,9 mlnDżakarta
42%
20,5 mlnBangkok
38%
16,2 mlnTeheran
35%
10,2 mlnBogota
34%
11,6 mlnLima
31%
26,7 mlnManila
31%
9,10 mlnKuala Lumpur
28%
21,3 mlnDhaka
27%
9,15 mlnRijad
25%
15,0 mlnKinszasa
23%
9,20 mlnTajpej
17%

Rozkład punktacji

Percentyl według liczby udzielonych odpowiedzi

Procent ludzi z każdym wynikiem

Twoja historia wyników

Nie rozwiązałeś tego quizu od ostatniego zresetowania